| 000 | 01046nam a2200289Ia 4500 | ||
|---|---|---|---|
| 005 | 20170606140503.0 | ||
| 010 | _aBAC-EN21 ENG-111819 | ||
| 020 |
_a9788126515370 _c599.00 |
||
| 020 |
_a9788126515370 _c679.00 (AV) |
||
| 035 | _aEN-95351 | ||
| 035 | _aB-584294-316 | ||
| 035 | _aB-669662 | ||
| 037 |
_bAsian Book Centre/Ven _adpl |
||
| 037 | _bDBAD/PUB | ||
| 082 | _a515.35 | ||
| 100 | _aRoss, Shepley L. | ||
| 245 |
_aDifferential equattions / _cby Shepley L. Ross |
||
| 250 | _a3rd ed | ||
| 260 |
_c2014(rper.) _aNew Delhi _bJohn Wiley |
||
| 270 |
_a4435-36/7, Ansari Road, Daryaganj _bNew Delhi _e110002 |
||
| 300 |
_c23cm(pbk) _avii,807p. : _bill. |
||
| 500 | _aIncludes index | ||
| 650 | _a Differential equations. | ||
| 942 |
_cEN _2ddc _mROS _h515.35 |
||
| 999 |
_c88045 _d88045 |
||